Programa de higiene y seguridad industrial para disminuir riesgos y enfermedades ocupacionales que puedan repercutir en la eficiencia y eficacia de las actividades laborales en la empresa DILAC, S.A. de C.V. (Registro nro. 21241)
[ vista simple ]
| 000 -CABECERA | |
|---|---|
| Longitud fija campo de control | 01081nam a22002177a 4500 |
| 003 - IDENTIFICADOR DELl NÚMERO DE CONTROL | |
| Identificador del número de control | OSt |
| 005 - FECHA Y HORA DE LA ÚLTIMA TRANSACCIÓN | |
| Fecha y hora de la última transacción | 20180705101207.0 |
| 008 - CÓDIGOS DE INFORMACIÓN DE LONGITUD FIJA | |
| Códigos de información de longitud fija | 150408b xxu||||| |||| 00| 0 eng d |
| 040 ## - FUENTE DE LA CATALOGACIÓN | |
| Centro transcriptor | BMC |
| 082 ## - NÚMERO DE LA CLASIFICACIÓN DECIMAL DEWEY | |
| Númeroo de clasificación | 613.62 |
| 100 1# - PUNTO DE ACCESO PRINCIPAL-NOMBRE DE PERSONA | |
| 9 (RLIN) | 34783 |
| Nombre de persona | Meléndez Pérez, Rafael Antonio |
| 245 10 - MENCIÓN DE TÍTULO | |
| Título | Programa de higiene y seguridad industrial para disminuir riesgos y enfermedades ocupacionales que puedan repercutir en la eficiencia y eficacia de las actividades laborales en la empresa DILAC, S.A. de C.V. |
| Resto del título | : Proyecto |
| Mención de responsabilidad, etc. | Rafael Antonio Meléndez Pérez, Ruth Selena Rivas Jaime |
| 260 ## - PUBLICACIÓN, DISTRIBUCIÓN, ETC. (PIE DE IMPRENTA) | |
| Lugar de publicación, distribución, etc. | Santa Ana, (San Salvador) |
| Nombre del editor, distribuidor, etc. | Universidad Católica de El Salvador |
| Fecha de publicación, distribución, etc. | 2009 |
| 300 ## - DESCRIPCIÓN FÍSICA | |
| Extensión | 215 h. |
| Otras características físicas | il. col. |
| Dimensiones | 28 cm |
| Material anejo | + 1 disco compacto |
| 500 ## - NOTA GENERAL | |
| Nota general | Precede al tít.: Universidad Católica de El Salvador, Facultad de Ingeniería y Arquitectura |
| 502 ## - NOTA DE TESIS | |
| Nota de tesis | Para optar al título de: Ingeniero Industrial |
| 650 24 - PUNTO DE ACCESO ADICIONAL DE MATERIA - TÉRMINO DE MATERIA | |
| 9 (RLIN) | 4331 |
| Término de materia o nombre geográfico como elemento inicial | Seguridad industrial |
| 700 1# - PUNTO DE ACCESO ADICIONAL - NOMBRE DE PERSONA | |
| 9 (RLIN) | 34784 |
| Nombre de persona | Rivas Jaime, Ruth Selena |
| 710 2# - PUNTO DE ACCESO ADICIONAL - NOMBRE DE ENTIDAD | |
| 9 (RLIN) | 1166 |
| Nombre de entidad o nombre de jurisdicción como elemento inicial | Universidad Católica de El Salvador |
| Unidad subordinada | Facultad de Ingeniería y Arquitectura |
| 942 ## - ENTRADA DE ELEMENTOS AGREGADOS (KOHA) | |
| Fuente de clasificaión o esquema | Dewey Decimal Classification |
| Koha [por defecto] tipo de item | 4- Trabajo de Graduación |
| Suprimido | Perdido | Fuente de clasificación o esquema | Estropeado | Restricciones de uso | No para préstamo | Código de colección | Localización permanente | Localización actual | Localización en estanter&íacute;as | Fecha adquisición | Fuente de adquisición | Número de inventario | Préstamos totales | Signatura completa | Código de barras | Fecha última consulta | Fecha último préstamo | Fecha del precio de reemplazo | Tipo de item de Koha |
|---|---|---|---|---|---|---|---|---|---|---|---|---|---|---|---|---|---|---|---|
| NULL | NULL | Dewey Decimal Classification | NULL | Prestable | NULL | NULL | Biblioteca Miguel de Cervantes - UNICAES | Biblioteca Miguel de Cervantes - UNICAES | Sala Principal | 08/06/2015 | Donación - Rafael Antonio Meléndez Pérez, Ruth Selena Rivas Jaime | 000654 | 2 | P-000654 | 1031665 | 27/01/2017 | 27/01/2017 | 08/06/2015 | 4- Trabajo de Graduación |